000 00611cam a2200217 4500500
005 20260405002709.0
041 _afre
042 _adc
100 1 0 _aEltchaninoff, Michel
_eauthor
245 0 0 _aGrève en pointillé. La méthode Sunzi
260 _c2018.
500 _a27
690 _aGève
690 _aSNCF
690 _astratégie
690 _aSun Tzu
690 _aSunzi
690 _aTrain
786 0 _nPhilosophie magazine | 119 | 5 | 2018-05-01 | p. 14-14 | 1951-1787
856 4 1 _uhttps://shs.cairn.info/magazine-philosophie-magazine-2018-5-page-14?lang=fr&redirect-ssocas=7080
999 _c2060200
_d2060200